Adventures in mathopolis : (Record no. 515)
[ view plain ]
| 000 -LEADER | |
|---|---|
| fixed length control field | 01735cam a22002774a 4500 |
| 005 - DATE AND TIME OF LATEST TRANSACTION | |
| control field | 20241105145255.0 |
| 020 ## - INTERNATIONAL STANDARD BOOK NUMBER | |
| International Standard Book Number | 9780764141713 |
| 020 ## - INTERNATIONAL STANDARD BOOK NUMBER | |
| International Standard Book Number | 0764141716 |
| 040 ## - CATALOGING SOURCE | |
| Original cataloging agency | DLC |
| Transcribing agency | DLC |
| Modifying agency | DLC |
| Language of cataloging | eng |
| 050 00 - LIBRARY OF CONGRESS CALL NUMBER | |
| Classification number | QA117 |
| Item number | .P69 2009 |
| 082 00 - DEWEY DECIMAL CLASSIFICATION NUMBER | |
| Classification number | 513.2/6 |
| Edition number | 22 |
| 100 1# - MAIN ENTRY--PERSONAL NAME | |
| Personal name | Powley, Linda. |
| 245 10 - TITLE STATEMENT | |
| Title | Adventures in mathopolis : |
| Remainder of title | parting is such sweet sorrow : fractions and decimals / |
| Statement of responsibility, etc. | Linda Powley and Catherine Weiskopf. |
| 260 ## - PUBLICATION, DISTRIBUTION, ETC. | |
| Place of publication, distribution, etc. | Hauppauge, N.Y. : |
| Name of publisher, distributor, etc. | Barron's Educational Series, |
| Date of publication, distribution, etc. | 2009. |
| 300 ## - PHYSICAL DESCRIPTION | |
| Extent | 216 pages : |
| Other physical details | illustrations ; |
| Dimensions | 20 cm. |
| 505 ## - FORMATTED CONTENTS NOTE | |
| Formatted contents note | U |
| 520 ## - SUMMARY, ETC. | |
| Summary, etc. | In this brand-new Adventures in Mathopolis story, the town's befuddled Mayor Lostis Marbles is having all kinds of trouble dealing with fractions and decimals--and with a new dilemma: how to get out of a locked safe before it's too late!. This time superheroes Silver Splitter and Dixie Dot come to the rescue, and readers who follow this fun-filled story will learn how to solve the many mysteries of fractions and decimals along the way. They discover easy ways to-- Understand proper, improper, and mixed numbers Find the least common multiple in fractions Add, subtract, multiply, and divide fractions Understand decimals Convert from decimals to fractions, and back again This amusing Mathopolis story is enhanced with clever black-and-white illustrations. Kids learn along with Mayor Lostis Marbles and his gang that working with fractions and decimals can be fun. |
| 521 ## - TARGET AUDIENCE NOTE | |
| Target audience note | 1000 <br/> |
| Source | Lexile |
| 521 ## - TARGET AUDIENCE NOTE | |
| Target audience note | U <br/> |
| Source | Raz-Plus |
| 650 #0 - SUBJECT ADDED ENTRY--TOPICAL TERM | |
| Topical term or geographic name entry element | Fractions |
| Form subdivision | Juvenile literature. |
| 650 #0 - SUBJECT ADDED ENTRY--TOPICAL TERM | |
| Topical term or geographic name entry element | Decimal fractions |
| Form subdivision | Juvenile literature. |
| 700 1# - ADDED ENTRY--PERSONAL NAME | |
| Personal name | Weiskopf, Catherine. |
| 906 ## - LOCAL DATA ELEMENT F, LDF (RLIN) | |
| a | 7 |
| b | cbc |
| c | orignew |
| d | 1 |
| e | ecip |
| f | 20 |
| g | y-gencatlg |
| 942 ## - ADDED ENTRY ELEMENTS (KOHA) | |
| Source of classification or shelving scheme | Dewey Decimal Classification |
| Koha item type | Books |
| Suppress in OPAC | No |
| 999 ## - | |
| -- | 515 |
| -- | 515 |
| Withdrawn status | Lost status | Source of classification or shelving scheme | Damaged status | Not for loan | Collection | Home library | Current library | Shelving location | Date acquired | Total Checkouts | Full call number | Barcode | Date last seen | Copy number | Price effective from | Koha item type |
|---|---|---|---|---|---|---|---|---|---|---|---|---|---|---|---|---|
| Dewey Decimal Classification | Non-Fiction | Footprints International School Library Network Toul Kork Campus | Footprints International School Library Network Toul Kork Campus | 05/16/2023 | POW 813.6 PZ7.J675 | FISTK00065 | 05/16/2023 | 1 | 05/16/2023 | Books | ||||||
| Dewey Decimal Classification | Non-Fiction | Footprints International School Library Network Toul Kork Campus | Footprints International School Library Network Toul Kork Campus | TTP Secondary Non-Fiction Bookshelves | 05/16/2023 | POW 813.6 PZ7.J675 | FIS02639 | 11/05/2024 | 2 | 05/16/2023 | Books |
